| 000 | 01322nam a2200409 c 4500 | ||
|---|---|---|---|
| 001 | 23807 | ||
| 003 | ES-MaCES | ||
| 005 | 20150929135513.0 | ||
| 008 | 110527s2010 xxkbd t 000 | eng d | ||
| 020 | _a9780719081101 | ||
| 035 | _aCES20110004408m | ||
| 040 |
_aES-MaCES _bspa _cES-MaCES |
||
| 100 | 1 |
_aGizelis, Theodora-Ismene _913479 |
|
| 245 | 1 | 0 |
_aGlobalisation, integration and the future of European Welfare States _cTheodora-Ismene Gizelis |
| 250 | _a1st ed | ||
| 260 |
_aManchester _aNew York _bManchester University Press _c2010 |
||
| 300 |
_aXVIII, [3], 173 P. _bgráf., mapas bl. y n. _c24 cm |
||
| 490 | 1 | _aEurope in change | |
| 500 | _aÍndices | ||
| 504 | _aBibliografía: p. 152-169 | ||
| 541 | _cCompra | ||
| 650 | 4 |
_aglobalización económica _930653 |
|
| 650 | 4 |
_aintegración económica _927962 |
|
| 650 | 4 |
_aEstado-Benefactor _929481 |
|
| 650 | 4 |
_aintegración social _927283 |
|
| 650 | 4 |
_acohesión social _930743 |
|
| 650 | 4 |
_aevaluación del impacto _930732 |
|
| 650 | 4 |
_afuturo _928901 |
|
| 653 | 1 | 0 | _aAsuntos Sociales |
| 650 | 4 |
_929234 _adesarrollo económico y social |
|
| 650 | 4 |
_929020 _apaís de la UE |
|
| 650 | 4 |
_926752 _aUE |
|
| 830 | 0 |
_aEurope in change _934596 |
|
| 902 | _aLIB Libro | ||
| 942 |
_2CES _cBK _h3.3. |
||
| 999 |
_c23807 _d23807 |
||